00768cam a22002411 4500001001300000003000400013005001700017008004100034010001700075035001900092040002500111042001200136050002200148082001300170100004400183245014300227250001400370260004400384300002400428440003500452630002200487999001700509sa 66004512 DLC20260227112243.0800422s1965 ii 000 0 eng  asa 66004512  a(OCoLC)6232931 aDLCcTNJdOCoLCdDLC apremarc00aBL1130b.R27 1965 a294.59241 aRanade, R. D.q(Ramchandra Dattatraya).14aThe Bhagavadgītā as a philosophy of God-realisation;bbeing a clue through the labyrinth of modern interpretationsc[by] R. D. Ranade. a[2d. ed.] aBombay,bBharatiya Vidya Bhavan,c1965. axii, 287 p.c19 cm. 0aBhavan's book university,v12600aBhagavadgītā. c69466d69466